000 00339nam a22001457a 4500
005 20240603140157.0
008 240603b |||||||| |||| 00| 0 eng d
041 _aeng
100 _aKUMAR , MUKESH
_98425
245 _aCHHOTANAGPUR TENANCY ACT, 1908
260 _aPATNA
_bRISHI PRAKASHAN
300 _a124;P
650 _aLAW
942 _cBK
999 _c8517
_d8515